000 00636nam a2200205 a 4500
005 20260108063953.0
008 991125s1974 par 000 0 fre u
020 _a2040052232
035 _aUPN01000058843
049 _aCG
050 4 _aBF724.3 S4
_bT5.9
100 1 _aThiriet, Michéle
245 1 0 _aVivre l'adolescence :
_bun intinéraire affectif et sexuel /
_cMichéle Thiriet ; ed. Catherine Valabregue.
260 _aParís :
_bBordas,
_c1974.
300 _a127 p.
650 2 _aAdolescencia
_vEstudio de casos
_91011
650 4 _aPsicología del adolescente
_91013
700 1 _aValabregue, Catherine,
_eed.
905 _aLibro
999 _c58843
_d58843